000 00411nam a2200169Ia 4500
008 221030s9999 xx 000 0 und d
020 _a8122403026
041 _aEnglish
082 _a105.23
_bWad
100 _aC. L. Wadhwa
245 0 _aElectrical Power Systems
_cby C. L. Wadhwa
250 _a2nd
260 _bNew Age International Pub.
_aNew Delhi
_c1997
300 _a752
650 _aEE
942 _cBK
999 _c2565
_d2565